000 00891 a2200169 4500
003 OSt
005 20260213155833.0
008 260206b |||||||| |||| 00| 0 eng d
020 _a9788174869845
100 _aकालेलकर ना.
_9216635
245 _aभाषा आणि संस्कृती
250 _a4th ED.
260 _bमौज प्रकाशन गृह
_c2012
_aपुणे
300 _a124pp.
520 _aजीवनातल्या व्यवस्थित ,सर्वांना आदरणीय आणि आवश्यक अशा सवयींचा अविष्कार करणारी संस्कृती आणि तेच जीवन आणि त्याची सर्व अंगे श्रुतीगोचर करणारी भाषा या दोन गोष्टी
942 _cBK
_2ddc
999 _c370344
_d370344